000
00327nam a2200145Ia 4500
008
230718s9999 xx 000 0 und d
041
_a
Eng.
082
_a
340
_b
PAK-P
100
_a
Pakistan law
245
0
_a
Pakistan law Journal
260
_a
Pakistan
_b
Supreme Court
_c
2015
300
_a
814
650
_a
Law
999
_c
30939
_d
30939